00918nam a2200181 4500003000900000020001500009040002800024082001900052100003800071245008100109260003400190300001000224490001500234504006100249520027100310600010100581650005400682CO-ViMGA a958923531X aCO-ViMGAbspacCO-ViMGA04a863 bC419do3 1 aPeralta Gómez, Andrésd1952 -10aDon Quijote de la Mancha :banálisis literario /cAndrés Peralta Gómez aBogotá : bEsquilo, c2001 a95 p.0 aAnálisis aIncluye glosario, taller de actividades y bibliografía aContiene breve biografía del autor, su época y entorno, relación de personajes de la obra, resumen del argumento, análisis de cada capítulo y comentario del mismo, estudio de personajes y sus motivaciones, taller y vocabulario. Tomado de la contracubierta. aCervantes Saavedra, Miguel ded1547-1616tDon Quijote de la ManchaxCrítica e interpretación14aNovelas españolasxCrítica e interpretación